ბათუმის შოთა რუსთაველის სახელმწიფო უნივერსიტეტის ბიბლიოთეკა

Classroom observation. (ბიბ.ჩანაწერი № 44301)

000 -LEADER
fixed length control field 00697nam a2200241Ia 4500
001 - CONTROL NUMBER
control field 11059
003 - CONTROL NUMBER IDENTIFIER
control field GE_BSU
008 - FIXED-LENGTH DATA ELEMENTS--GENERAL INFORMATION
fixed length control field 181216s||||||||xx |||||||||||||| ||und||
020 ## - INTERNATIONAL STANDARD BOOK NUMBER
International Standard Book Number 9780203119730(ebk)
040 ## - CATALOGING SOURCE
Transcribing agency GE_BSU
080 ## - UNIVERSAL DECIMAL CLASSIFICATION NUMBER
Universal Decimal Classification number 37
100 ## - MAIN ENTRY--PERSONAL NAME
Personal name Leary,Matt O
245 ## - TITLE STATEMENT
Title Classroom observation.
245 #2 - TITLE STATEMENT
Remainder of title A Guide to the effective observation of teaching and learning.
260 ## - PUBLICATION, DISTRIBUTION, ETC.
Place of publication, distribution, etc. London and New York.
260 ## - PUBLICATION, DISTRIBUTION, ETC.
Date of publication, distribution, etc. 2014.
300 ## - PHYSICAL DESCRIPTION
Extent 195p;24cm.
520 ## - SUMMARY, ETC.
Summary, etc. შემოსულია ტემპუსის პროექტით.
653 ## - INDEX TERM--UNCONTROLLED
Uncontrolled term Classroom observation.
653 ## - INDEX TERM--UNCONTROLLED
Uncontrolled term ტემპუსის პროექტით
942 ## - ADDED ENTRY ELEMENTS (KOHA)
Koha item type წიგნი
ეგზემპლარები
Withdrawn status Lost status Damaged status Not for loan Date acquired Barcode Date last seen Price effective from Koha item type
        2018-12-17 35444 2018-12-17 2018-12-17 წიგნი